[Event "Jugend WM U20"]
[Site "Istanbul"]
[Date "2005.11.16"]
[Round "7.36"]
[White "Stander, Heinrich"]
[Black "Kurmann, Oliver"]
[Result "1/2-1/2"]
[WhiteElo "2128"]
[BlackElo "2287"]
[PlyCount "64"]
[EventDate "2005.11.??"]
[EventType "swiss"]
[EventRounds "13"]
[EventCountry "TUR"]
[Source "Reinhold Goldau"]
[SourceDate "2000.03.01"]

1. e4 e6 2. d4 d5 3. Nd2 Nf6 4. e5 Nfd7 5. Bd3 c5 6. c3 Nc6 7. Ne2 cxd4 8. cxd4
f6 9. exf6 Nxf6 10. Nf3 Bd6 11. O-O Qc7 12. Bg5 O-O 13. Bh4 Nh5 14. Qc2 h6 15.
Bh7+ Kh8 16. Bg6 Rxf3 17. Bxh5 Rf8 18. Bg3 Bd7 19. Qb3 Bxg3 20. fxg3 Qb6 21.
Qxb6 axb6 22. Rxf8+ Rxf8 23. Rd1 g5 24. Nc3 Ne7 25. Bg4 Kg7 26. Re1 Rf6 27. a3
Kg6 28. Be2 Kf7 29. Bd3 Be8 30. b4 Nc6 31. Bb5 Ne7 32. Bd3 Nc6 1/2-1/2

[Event "Jugend WM U20"]
[Site "Istanbul"]
[Date "2005.11.16"]
[Round "7.37"]
[White "Akshat, Khamparia"]
[Black "Yagiz, Yasin Emrah"]
[Result "0-1"]
[WhiteElo "2275"]
[BlackElo "2206"]
[PlyCount "76"]
[EventDate "2005.11.??"]
[EventType "swiss"]
[EventRounds "13"]
[EventCountry "TUR"]
[Source "Reinhold Goldau"]
[SourceDate "2000.03.01"]

1. d4 e6 2. c4 b6 3. e4 Bb7 4. Bd3 f5 5. exf5 Bb4+ 6. Kf1 Nf6 7. Be2 O-O 8. c5
bxc5 9. a3 Ba5 10. dxc5 Ne4 11. Nf3 Qf6 12. Qd4 Qxf5 13. b4 Nc6 14. Qe3 Nxb4
15. axb4 Bxb4 16. Ba3 a5 17. h4 Qf6 18. Ra2 Bd5 19. Bb2 Bxc5 20. Qxe4 Bxe4 21.
Bxf6 Bxb1 22. Ra1 Rxf6 23. Rxb1 d5 24. Ke1 a4 25. Kd2 Bxf2 26. Rhc1 Bg3 27. Rc6
a3 28. Bd1 Bf4+ 29. Kc2 Rg6 30. Ra1 Rxg2+ 31. Kb3 Bd6 32. Rc2 Rb8+ 33. Kc3 Rg3
34. Raa2 e5 35. Kd2 e4 36. Ng5 Rb1 37. Ne6 Rd3+ 38. Ke2 Rdxd1 0-1

[Event "Jugend WM U20"]
[Site "Istanbul"]
[Date "2005.11.16"]
[Round "7.40"]
[White "Citak, Selim"]
[Black "Tulay, Berkay"]
[Result "1/2-1/2"]
[WhiteElo "2291"]
[BlackElo "2179"]
[PlyCount "84"]
[EventDate "2005.11.??"]
[EventType "swiss"]
[EventRounds "13"]
[EventCountry "TUR"]
[Source "Reinhold Goldau"]
[SourceDate "2000.03.01"]

1. d4 d6 2. Nf3 Nf6 3. c4 Nbd7 4. Nc3 e5 5. e4 c6 6. Be2 Be7 7. O-O Qc7 8. h3
h6 9. Be3 g5 10. Qc2 Nf8 11. c5 dxc5 12. dxe5 N6d7 13. Na4 b6 14. Qc3 Ng6 15.
e6 fxe6 16. Nd2 Nf6 17. e5 Nd5 18. Qc2 Ngf4 19. Bxf4 Nxf4 20. Bh5+ Kf8 21. Bf3
Kg7 22. g3 Nxh3+ 23. Kg2 h5 24. Kxh3 g4+ 25. Kg2 gxf3+ 26. Nxf3 Ba6 27. Rh1
Rad8 28. Rad1 Rxd1 29. Qxd1 Qd8 30. Qc1 Qf8 31. Nh4 Bxh4 32. Rxh4 Qd8 33. Nc3
Bd3 34. Qd1 Bg6 35. Qe2 Qd3 36. Qxd3 Bxd3 37. Kf3 Bf5 38. Ne4 Bxe4+ 39. Kxe4
Rf8 40. f4 Kg6 41. g4 hxg4 42. Rxg4+ Kh7 1/2-1/2

[Event "Jugend WM U20"]
[Site "Istanbul"]
[Date "2005.11.16"]
[Round "7.41"]
[White "Cil, Hasan Kivanc"]
[Black "Ouakhir, Mehdi"]
[Result "0-1"]
[WhiteElo "2067"]
[BlackElo "2239"]
[PlyCount "64"]
[EventDate "2005.11.??"]
[EventType "swiss"]
[EventRounds "13"]
[EventCountry "TUR"]
[Source "Reinhold Goldau"]
[SourceDate "2000.03.01"]

1. e4 e5 2. Nf3 Nc6 3. Bb5 d6 4. c3 Bd7 5. O-O Nf6 6. Re1 Be7 7. d4 O-O 8. Ba4
Re8 9. Nbd2 Bf8 10. Bc2 g6 11. Nf1 exd4 12. cxd4 Bg4 13. Bg5 h6 14. Bf4 Bg7 15.
h3 Bxf3 16. gxf3 Nh5 17. Be3 Qh4 18. Kg2 Nxd4 19. Bxd4 Nf4+ 20. Kg1 Nxh3+ 21.
Kg2 Nf4+ 22. Kg1 Qh3 23. Ne3 Bxd4 24. Qxd4 Re5 25. Qxe5 dxe5 26. Bd1 Rd8 27.
Be2 Rd2 28. Bf1 Qxf3 29. Nd1 Qg4+ 30. Kh2 Qh4+ 31. Kg1 g5 32. Re3 Rxd1 0-1

[Event "Jugend WM U20"]
[Site "Istanbul"]
[Date "2005.11.16"]
[Round "7.42"]
[White "Shlykov, Vitali"]
[Black "Tanrikulu, Erhan"]
[Result "1-0"]
[WhiteElo "2238"]
[BlackElo "2151"]
[PlyCount "47"]
[EventDate "2005.11.??"]
[EventType "swiss"]
[EventRounds "13"]
[EventCountry "TUR"]
[Source "Reinhold Goldau"]
[SourceDate "2000.03.01"]

1. d4 d5 2. c4 c6 3. cxd5 cxd5 4. Nc3 Nf6 5. Bf4 e6 6. Rc1 Nc6 7. e3 Bd7 8. Bd3
Be7 9. Nf3 O-O 10. O-O Rc8 11. a3 a6 12. Na4 Na5 13. Rxc8 Qxc8 14. Nb6 Qd8 15.
Nxd7 Nxd7 16. Qc2 Qc8 17. Bxh7+ Kh8 18. Qb1 g6 19. Bxg6 fxg6 20. Qxg6 Rf6 21.
Qh5+ Kg7 22. Bg5 b5 23. Ne5 Nxe5 24. dxe5 1-0

[Event "Jugend WM U20"]
[Site "Istanbul"]
[Date "2005.11.16"]
[Round "7.45"]
[White "Uesugi, Shinsaku"]
[Black "Agdestein, Emil"]
[Result "1/2-1/2"]
[WhiteElo "2040"]
[BlackElo "2057"]
[PlyCount "78"]
[EventDate "2005.11.??"]
[EventType "swiss"]
[EventRounds "13"]
[EventCountry "TUR"]
[Source "Reinhold Goldau"]
[SourceDate "2000.03.01"]

1. e4 c5 2. Nf3 d6 3. d4 cxd4 4. Nxd4 Nf6 5. Nc3 g6 6. f3 Bg7 7. Be3 Nc6 8. Bc4
Bd7 9. Qd2 O-O 10. O-O-O Ne5 11. Bb3 Qa5 12. Kb1 Rfc8 13. h4 Nc4 14. Bxc4 Rxc4
15. Nb3 Qa6 16. Bh6 Bh8 17. h5 Rxc3 18. bxc3 Be6 19. hxg6 fxg6 20. Be3 Rc8 21.
Bd4 Qa4 22. Qc1 Rc6 23. Qb2 b5 24. g4 Bc4 25. g5 Nh5 26. Bxh8 Kxh8 27. Nc1 Ra6
28. Rh2 Kg8 29. Qb4 Bxa2+ 30. Kb2 Bc4 31. Qxa4 Rxa4 32. Nb3 Nf4 33. Ra1 Rxa1
34. Kxa1 Kg7 35. Kb2 Ne6 36. Rg2 Nf4 37. Rh2 Ne6 38. Rg2 Nf4 39. Rh2 Ne6
1/2-1/2

[Event "Jugend WM U20"]
[Site "Istanbul"]
[Date "2005.11.16"]
[Round "7.46"]
[White "Lauda, Alexandr"]
[Black "Acuner, Emrah"]
[Result "1-0"]
[WhiteElo "2010"]
[BlackElo "1903"]
[PlyCount "140"]
[EventDate "2005.11.??"]
[EventType "swiss"]
[EventRounds "13"]
[EventCountry "TUR"]
[Source "Reinhold Goldau"]
[SourceDate "2000.03.01"]

1. e4 d6 2. d4 Nf6 3. Nc3 g6 4. h3 Bg7 5. g4 h5 6. g5 Nfd7 7. Bg2 c5 8. Nge2
Na6 9. Be3 Qa5 10. O-O O-O 11. a4 cxd4 12. Nxd4 Ne5 13. Qe2 Bd7 14. Nd5 Qd8 15.
f4 Nc6 16. Qd2 Rc8 17. Rf2 e6 18. Nc3 Nc5 19. Raf1 a6 20. f5 Bxd4 21. Bxd4 Nxd4
22. fxg6 Nc6 23. gxf7+ Kg7 24. Rf6 Ne5 25. Qe2 Qe7 26. Qxh5 Rxf7 27. g6 Rh8 28.
gxf7 Rxh5 29. f8=Q+ Qxf8 30. Rxf8 Nxa4 31. Nxa4 Bxa4 32. Rc8 Bc6 33. Rc7+ Kg6
34. Rf8 Rh4 35. Re7 Bxe4 36. Rxe6+ Kg7 37. Rf2 Bxg2 38. Kxg2 Rb4 39. b3 Rb6 40.
Kg3 a5 41. h4 Kg8 42. Rff6 Rc6 43. Rf2 Rc3+ 44. Kf4 Nf7 45. Re8+ Kg7 46. Re7
Kf6 47. Rxb7 Ne5 48. Ke4+ Ke6 49. Rb5 Rh3 50. Rf4 Nc6 51. Rh5 Nb4 52. Rh6+ Kd7
53. Rf7+ Kc6 54. Rf3 Rh2 55. c4 Na6 56. Kf4 Nc5 57. Kg5 Rb2 58. h5 Nxb3 59. Rd3
a4 60. Rdxd6+ Kc5 61. Ra6 Rg2+ 62. Kf4 Ra2 63. Rhc6+ Kd4 64. Kg5 Nc5 65. Ra7
Ne4+ 66. Kf5 Rf2+ 67. Kg6 Rg2+ 68. Kf7 Rf2+ 69. Kg7 a3 70. Rxa3 Rg2+ 1-0

[Event "Jugend WM U20"]
[Site "Istanbul"]
[Date "2005.11.17"]
[Round "8.6"]
[White "Li, Chao"]
[Black "Kharitonov, Alexandr"]
[Result "1/2-1/2"]
[WhiteElo "2305"]
[BlackElo "2545"]
[PlyCount "147"]
[EventDate "2005.11.??"]
[EventType "swiss"]
[EventRounds "13"]
[EventCountry "TUR"]
[Source "Reinhold Goldau"]
[SourceDate "2000.03.01"]

1. e4 c6 2. c4 d5 3. exd5 cxd5 4. cxd5 Nf6 5. Nc3 Nxd5 6. Nf3 e6 7. d4 Bb4 8.
Bd2 Nc6 9. Bd3 Be7 10. O-O O-O 11. Rc1 Bf6 12. Be3 Nxe3 13. fxe3 g6 14. a3 Bg7
15. Be4 Ne7 16. Ne5 Rb8 17. b4 Nf5 18. Bxf5 exf5 19. Kh1 Qe7 20. Nc4 b6 21. Nd5
Qd7 22. Nf4 Re8 23. Qb3 Ba6 24. Rfd1 Rbc8 25. Nb2 Bb7 26. Rxc8 Rxc8 27. Nbd3
Qe7 28. Re1 Re8 29. Qc3 Bh8 30. Nf2 Bf6 31. Kg1 Bg5 32. g3 Bxf4 33. gxf4 Qd6
34. Qc4 Rc8 35. Qb5 a6 36. Qe5 Qc6 37. e4 f6 38. d5 fxe5 39. dxc6 Bxc6 40. fxe5
Kf7 41. exf5 gxf5 42. Nh3 Rg8+ 43. Kf2 Rg2+ 44. Ke3 Rxh2 45. Nf4 Ra2 46. Rc1
Rxa3+ 47. Kd4 Rf3 48. e6+ Ke7 49. Ke5 Re3+ 50. Kxf5 Be4+ 51. Kg5 Rg3+ 52. Kh4
Rg8 53. Rc7+ Kd6 54. Rf7 a5 55. e7 Re8 56. bxa5 bxa5 57. Rf6+ Ke5 58. Nh5 Bb7
59. Rb6 Rxe7 60. Rb5+ Ke6 61. Rxa5 Be4 62. Kg5 Kf7 63. Ng3 Bg6 64. Nf5 Rd7 65.
Nh6+ Ke6 66. Ra6+ Kd5 67. Ng4 Rb7 68. Nf6+ Kd4 69. Ra4+ Kc3 70. Ra3+ Kb4 71.
Ra2 Kb3 72. Rd2 Rb5+ 73. Rd5 Rb6 74. Rd7 1/2-1/2

[Event "Jugend WM U20"]
[Site "Istanbul"]
[Date "2005.11.17"]
[Round "8.7"]
[White "Predojevic, Borki"]
[Black "Heberla, Bartlomiej"]
[Result "1/2-1/2"]
[WhiteElo "2558"]
[BlackElo "2465"]
[PlyCount "134"]
[EventDate "2005.11.??"]
[EventType "swiss"]
[EventRounds "13"]
[EventCountry "TUR"]
[Source "Reinhold Goldau"]
[SourceDate "2000.03.01"]

1. Nf3 Nc6 2. d4 d6 3. c4 e5 4. Nc3 g6 5. e4 Bg7 6. Bg5 f6 7. Be3 Nh6 8. h3 O-O
9. d5 Ne7 10. Bd3 f5 11. Qb3 Nf7 12. O-O-O b6 13. Kb1 Bh6 14. Qc2 Kg7 15. Rdg1
Bxe3 16. fxe3 fxe4 17. Bxe4 Nf5 18. g4 Nh4 19. Nd2 Ng5 20. Qd1 Bd7 21. Qe1 Nhf3
22. Bxf3 Nxf3 23. Nxf3 Rxf3 24. Rf1 Rxf1 25. Rxf1 Qe7 26. Qf2 Rf8 27. Qxf8+
Qxf8 28. Rxf8 Kxf8 29. Kc2 g5 30. Ne4 h6 31. Kd3 Be8 32. Ng3 Bg6+ 33. e4 Ke7
34. Ke3 Kd7 35. Kf3 Ke7 36. Ne2 Be8 37. b4 Kf6 38. Nc3 Kg6 39. Kg3 Bd7 40. a3
Be8 41. Kf3 a6 42. Ke3 Bd7 43. Nd1 Kf6 44. Kd3 Ke7 45. Nf2 Ba4 46. Kc3 Be8 47.
Nh1 Ba4 48. Ng3 Bd7 49. Kb3 Bc8 50. Nf1 Bd7 51. Ne3 Bc8 52. a4 Bd7 53. a5 bxa5
54. bxa5 c5 55. Kc3 Kf6 56. Kd2 Ke7 57. Ke2 Kd8 58. Kf3 Ke7 59. Kg3 Kf6 60. h4
Kg6 61. hxg5 Kxg5 62. Nf5 Bxf5 63. gxf5 Kh5 64. Kh3 Kg5 65. Kg3 Kh5 66. Kg2 Kg5
67. Kg3 Kh5 1/2-1/2

[Event "Jugend WM U20"]
[Site "Istanbul"]
[Date "2005.11.17"]
[Round "8.8"]
[White "Gashimov, Vugar"]
[Black "Zinchenko, Yaroslav"]
[Result "1-0"]
[WhiteElo "2608"]
[BlackElo "2485"]
[PlyCount "75"]
[EventDate "2005.11.??"]
[EventType "swiss"]
[EventRounds "13"]
[EventCountry "TUR"]
[Source "Reinhold Goldau"]
[SourceDate "2000.03.01"]

1. c4 e6 2. Nf3 d5 3. b3 c5 4. g3 Nc6 5. Bg2 Nf6 6. O-O Be7 7. e3 O-O 8. Bb2 d4
9. exd4 cxd4 10. Re1 Re8 11. a3 a5 12. d3 Bc5 13. Ne5 Nxe5 14. Rxe5 Qc7 15. Qe1
Bd7 16. Nd2 Rad8 17. Nf3 Qb6 18. Rxc5 Qxc5 19. Bxd4 Qd6 20. Bc3 a4 21. b4 e5
22. Nxe5 Ng4 23. d4 f6 24. c5 Qa6 25. Bd5+ Be6 26. b5 Qxb5 27. Rb1 Qa6 28. Bxb7
Nxe5 29. dxe5 Qc4 30. Ba5 Rb8 31. Rc1 Qb5 32. Bg2 Bd7 33. c6 Rxe5 34. Qb4 Rc8
35. f4 Qxa5 36. fxe5 Qa7+ 37. Kh1 fxe5 38. Qc4+ 1-0

[Event "Jugend WM U20"]
[Site "Istanbul"]
[Date "2005.11.17"]
[Round "8.9"]
[White "Zhigalko, Sergei"]
[Black "Berkes, Ferenc"]
[Result "0-1"]
[WhiteElo "2490"]
[BlackElo "2596"]
[PlyCount "70"]
[EventDate "2005.11.??"]
[EventType "swiss"]
[EventRounds "13"]
[EventCountry "TUR"]
[Source "Reinhold Goldau"]
[SourceDate "2000.03.01"]

1. e4 g6 2. d4 Bg7 3. Nc3 d6 4. Be3 c6 5. Qd2 b5 6. O-O-O Nd7 7. h4 Ngf6 8. f3
O-O 9. h5 e5 10. dxe5 dxe5 11. g4 Qc7 12. hxg6 fxg6 13. g5 Nh5 14. Bxb5 cxb5
15. Qd5+ Kh8 16. Qxa8 Bb7 17. Qxa7 Ra8 18. Rxd7 Qxd7 19. Qb6 Ng3 20. Rh2 Nf1
21. Re2 Nxe3 22. Qxe3 b4 23. Rd2 Qc6 24. Nb1 Bf8 25. Rd5 Qc4 26. Rd1 Bc5 27.
Qd2 Qxa2 28. Nh3 Bd4 29. c3 bxc3 30. bxc3 Qc4 31. Qd3 Qc5 32. Re1 Ba6 33. Qd2
Rb8 34. Nf4 Qb6 35. Na3 Bc5 0-1

[Event "Jugend WM U20"]
[Site "Istanbul"]
[Date "2005.11.17"]
[Round "8.11"]
[White "L'Ami, Erwin"]
[Black "Mamedov, Nidjat"]
[Result "1-0"]
[WhiteElo "2541"]
[BlackElo "2517"]
[PlyCount "63"]
[EventDate "2005.11.??"]
[EventType "swiss"]
[EventRounds "13"]
[EventCountry "TUR"]
[Source "Reinhold Goldau"]
[SourceDate "2000.03.01"]

1. e4 c5 2. Nf3 d6 3. d4 cxd4 4. Nxd4 Nf6 5. Nc3 Nc6 6. Bg5 e6 7. Qd2 Qb6 8.
O-O-O Qxd4 9. Qxd4 Nxd4 10. Rxd4 a6 11. Be2 Bd7 12. Rhd1 Bc6 13. f4 Nd7 14. Nd5
Rc8 15. Nb4 h6 16. Bh4 g5 17. fxg5 hxg5 18. Bg3 e5 19. Nxc6 exd4 20. Nxd4 Nf6
21. e5 Ne4 22. Bg4 Rc4 23. e6 fxe6 24. Bxe6 Rc7 25. Nf5 Rc5 26. Bd5 Nf6 27. Be6
Ne4 28. Bd5 Nf6 29. Re1+ Kd7 30. Be6+ Kc7 31. b4 Rc3 32. Bf2 1-0

[Event "Jugend WM U20"]
[Site "Istanbul"]
[Date "2005.11.17"]
[Round "8.12"]
[White "Romanov, Evgeny"]
[Black "Laznicka, Viktor"]
[Result "1-0"]
[WhiteElo "2479"]
[BlackElo "2517"]
[PlyCount "67"]
[EventDate "2005.11.??"]
[EventType "swiss"]
[EventRounds "13"]
[EventCountry "TUR"]
[Source "Reinhold Goldau"]
[SourceDate "2000.03.01"]

1. e4 c5 2. b3 Nc6 3. Bb2 e5 4. Bc4 Nf6 5. Nc3 Nxe4 6. Nxe4 d5 7. Bd3 dxe4 8.
Bxe4 Bd7 9. Nf3 Bd6 10. Qe2 f6 11. Nh4 g6 12. f4 Qc7 13. f5 g5 14. Qh5+ Ke7 15.
Nf3 h6 16. O-O Rag8 17. Ne1 Be8 18. Qe2 Bf7 19. Kh1 h5 20. c3 Kf8 21. Nc2 Kg7
22. Ne3 Rd8 23. d3 a6 24. Qf3 Rc8 25. Bc1 b5 26. Nd5 Bxd5 27. Bxd5 b4 28. Bxg5
fxg5 29. f6+ Kh6 30. h4 Qd7 31. hxg5+ Kxg5 32. Be4 h4 33. Qe3+ Kg4 34. Qh3+ 1-0

[Event "Jugend WM U20"]
[Site "Istanbul"]
[Date "2005.11.17"]
[Round "8.13"]
[White "Zhigalko, Andrey"]
[Black "Rau, Hannes"]
[Result "1/2-1/2"]
[WhiteElo "2537"]
[BlackElo "2421"]
[PlyCount "50"]
[EventDate "2005.11.??"]
[EventType "swiss"]
[EventRounds "13"]
[EventCountry "TUR"]
[Source "Reinhold Goldau"]
[SourceDate "2000.03.01"]

1. e4 c5 2. Nf3 d6 3. d4 cxd4 4. Nxd4 Nf6 5. Nc3 Nc6 6. Bg5 e6 7. Qd2 a6 8.
O-O-O Bd7 9. Nxc6 Bxc6 10. Qe1 h6 11. Bh4 Be7 12. e5 Nd5 13. Bxe7 Qxe7 14. Nxd5
Bxd5 15. c4 Bxc4 16. exd6 Qg5+ 17. Kb1 Bd5 18. f4 Qf5+ 19. Bd3 Qxf4 20. d7+ Ke7
21. Bc2 Qc4 22. Qa5 b6 23. Qa3+ Qc5 24. Qg3 g6 25. Rhf1 Rad8 1/2-1/2

[Event "Jugend WM U20"]
[Site "Istanbul"]
[Date "2005.11.17"]
[Round "8.15"]
[White "Babujian, Levon"]
[Black "Livshits, Gaby"]
[Result "0-1"]
[WhiteElo "2429"]
[BlackElo "2381"]
[PlyCount "58"]
[EventDate "2005.11.??"]
[EventType "swiss"]
[EventRounds "13"]
[EventCountry "TUR"]
[Source "Reinhold Goldau"]
[SourceDate "2000.03.01"]

1. e4 e5 2. Nc3 Nf6 3. Bc4 Be7 4. d3 c6 5. f4 d6 6. Nf3 Qc7 7. O-O Bg4 8. h3
Bxf3 9. Qxf3 Nbd7 10. g4 g6 11. g5 Nh5 12. f5 Rf8 13. Be3 f6 14. h4 O-O-O 15.
b4 fxg5 16. hxg5 d5 17. exd5 Rxf5 18. Qg4 Nf4 19. d6 Bxd6 20. Ne4 Kb8 21. d4
Rdf8 22. Rad1 Be7 23. Bxf4 Rxf4 24. Rxf4 Rxf4 25. Qe6 Nf8 26. Qg8 Rxe4 27. d5
Qb6+ 28. Kg2 Rg4+ 29. Kh3 Rxc4 0-1

[Event "Jugend WM U20"]
[Site "Istanbul"]
[Date "2005.11.17"]
[Round "8.16"]
[White "Sanikidze, Tornike"]
[Black "Perdomo, Leandro"]
[Result "1/2-1/2"]
[WhiteElo "2411"]
[BlackElo "2373"]
[PlyCount "129"]
[EventDate "2005.11.??"]
[EventType "swiss"]
[EventRounds "13"]
[EventCountry "TUR"]
[Source "Reinhold Goldau"]
[SourceDate "2000.03.01"]

1. d4 Nf6 2. c4 g6 3. Nc3 Bg7 4. e4 d6 5. Nf3 O-O 6. h3 e5 7. d5 Na6 8. Be3 Nh5
9. Nh2 Qe8 10. Be2 Nf4 11. Bf3 f5 12. O-O Nc5 13. exf5 gxf5 14. Bxf4 exf4 15.
Re1 Qd8 16. Rc1 a5 17. b3 Bd7 18. Nb5 Bxb5 19. cxb5 Qd7 20. Be2 Rfe8 21. Nf3
Kh8 22. Qd2 Re4 23. Ng5 Bh6 24. Qc3+ Bg7 25. Qf3 Bh6 26. Rxc5 dxc5 27. Nxe4
fxe4 28. Qxe4 Re8 29. Qf3 Qe7 30. Kf1 Bg7 31. Rd1 Bd4 32. Bd3 Bc3 33. Kg1 Bd4
34. Kh2 Qh4 35. Rf1 b6 36. g3 fxg3+ 37. fxg3 Qh6 38. Qf7 Rg8 39. Qf5 Qg7 40.
Kh1 Qh6 41. Kh2 Qd2+ 42. Kh1 Qh6 43. Rf3 Qc1+ 44. Bf1 Qe1 45. g4 Qd1 46. Qe4
Bg7 47. Kg2 Qd2+ 48. Be2 Qd4 49. Qe6 Qe5 50. Re3 Qb2 51. a4 Rf8 52. Qe4 Bd4 53.
Rf3 Rxf3 54. Qxf3 Kg8 55. h4 Bc3 56. Qf5 Be5 57. Qe6+ Kg7 58. Qe7+ Kg8 59. Qg5+
Kh8 60. Qd8+ Kg7 61. Qd7+ Kg8 62. Qd8+ Kg7 63. Qe7+ Kg8 64. Qg5+ Kh8 65. Qd8+
1/2-1/2

[Event "Jugend WM U20"]
[Site "Istanbul"]
[Date "2005.11.17"]
[Round "8.17"]
[White "Wen, Yang"]
[Black "Poobesh Anand, S."]
[Result "1/2-1/2"]
[WhiteElo "2374"]
[BlackElo "2397"]
[PlyCount "64"]
[EventDate "2005.11.??"]
[EventType "swiss"]
[EventRounds "13"]
[EventCountry "TUR"]
[Source "Reinhold Goldau"]
[SourceDate "2000.03.01"]

1. e4 c5 2. Nf3 Nc6 3. Bb5 Nf6 4. Bxc6 dxc6 5. d3 g6 6. h3 Bg7 7. Nc3 O-O 8.
Bf4 b5 9. O-O c4 10. dxc4 b4 11. Qxd8 Rxd8 12. Na4 Nxe4 13. Rae1 Nd6 14. b3 Bf8
15. Ne5 Bd7 16. Bd2 Rab8 17. a3 a5 18. axb4 axb4 19. g4 Be8 20. Nd3 Nc8 21. Bf4
Ra8 22. Be3 Nd6 23. Nb6 Ra5 24. Ra1 Rxa1 25. Rxa1 e6 26. f3 Bg7 27. Ra7 e5 28.
Nc5 Bf8 29. Kf1 h6 30. Ke2 Bg7 31. Bf2 Kh7 32. Be1 e4 1/2-1/2

[Event "Jugend WM U20"]
[Site "Istanbul"]
[Date "2005.11.17"]
[Round "8.18"]
[White "Karakehajov, Kalin"]
[Black "Zeynalov, Farid"]
[Result "1-0"]
[WhiteElo "2396"]
[BlackElo "2179"]
[PlyCount "89"]
[EventDate "2005.11.??"]
[EventType "swiss"]
[EventRounds "13"]
[EventCountry "TUR"]
[Source "Reinhold Goldau"]
[SourceDate "2000.03.01"]

1. d4 d5 2. Nf3 Nf6 3. e3 e6 4. b3 c5 5. Bb2 Nc6 6. Nbd2 Bd6 7. Bd3 Qc7 8. dxc5
Bxc5 9. O-O e5 10. e4 Be6 11. exd5 Nxd5 12. Ne4 Be7 13. Nfg5 O-O-O 14. Nxe6
fxe6 15. g3 h5 16. a3 Kb8 17. Re1 g5 18. c4 Nb6 19. Qe2 h4 20. Rad1 hxg3 21.
Nxg3 Bf6 22. Be4 Rxd1 23. Rxd1 Nd4 24. Bxd4 exd4 25. Bg2 e5 26. Qe4 Rd8 27. Nf5
a5 28. Rd3 Qc6 29. Qxc6 bxc6 30. Bxc6 a4 31. Be4 Kc7 32. c5 Nd5 33. b4 Nc3 34.
Ng3 g4 35. Bg2 Bg7 36. Ne4 Nb5 37. Bf1 Bh6 38. Rg3 d3 39. Rxd3 Rxd3 40. Bxd3
Nxa3 41. b5 Bf8 42. Kg2 Bh6 43. Nc3 Bf4 44. Nxa4 e4 45. b6+ 1-0

[Event "Jugend WM U20"]
[Site "Istanbul"]
[Date "2005.11.17"]
[Round "8.19"]
[White "Glud, Jacob Vang"]
[Black "Esen, Baris"]
[Result "1/2-1/2"]
[WhiteElo "2349"]
[BlackElo "2384"]
[PlyCount "85"]
[EventDate "2005.11.??"]
[EventType "swiss"]
[EventRounds "13"]
[EventCountry "TUR"]
[Source "Reinhold Goldau"]
[SourceDate "2000.03.01"]

1. c4 c5 2. g3 Nf6 3. Bg2 d5 4. cxd5 Nxd5 5. Nc3 Nc7 6. Nf3 Nc6 7. O-O e5 8.
Ne1 Be7 9. Nd3 f6 10. b3 Bg4 11. h3 Bh5 12. g4 Bg6 13. Ne4 Ne6 14. Bb2 h5 15.
Rc1 hxg4 16. hxg4 Qb6 17. Ba3 Nb4 18. Bxb4 cxb4 19. e3 Rd8 20. Nb2 Kf7 21. Nc4
Qa6 22. Qf3 Kg8 23. Ng3 Ng5 24. Qd1 b5 25. Nb2 Qxa2 26. Rc7 Qxb2 27. Rxe7 Rxd2
28. Qc1 Rxf2 29. Rxg7+ Kxg7 30. Qc7+ Kh6 31. Rxf2 Qxb3 32. Rxf6 Qxe3+ 33. Kh2
Nf7 34. Nh5 Qg5 35. Qxf7 Qxg4 36. Qg7+ Kxh5 37. Qxh8+ Kg5 38. Rf3 Qh4+ 39.
Qxh4+ Kxh4 40. Rb3 a5 41. Bc6 Bc2 42. Rb2 Bd3 43. Kg2 1/2-1/2

[Event "Jugend WM U20"]
[Site "Istanbul"]
[Date "2005.11.17"]
[Round "8.22"]
[White "Lenic, Luka"]
[Black "Xie, George Wendi"]
[Result "0-1"]
[WhiteElo "2476"]
[BlackElo "2340"]
[PlyCount "90"]
[EventDate "2005.11.??"]
[EventType "swiss"]
[EventRounds "13"]
[EventCountry "TUR"]
[Source "Reinhold Goldau"]
[SourceDate "2000.03.01"]

1. d4 Nf6 2. Nf3 e6 3. c4 b6 4. Nc3 Bb4 5. Bg5 Bb7 6. e3 h6 7. Bh4 g5 8. Bg3
Ne4 9. Nd2 Nxc3 10. bxc3 Bxc3 11. Rc1 Bb4 12. h4 Rg8 13. hxg5 hxg5 14. Rh7 Be4
15. Rh6 Nc6 16. f3 Bg6 17. d5 Na5 18. e4 Qe7 19. Be2 g4 20. Bf4 e5 21. Be3 Bc5
22. Nf1 O-O-O 23. Qd3 gxf3 24. gxf3 Nb7 25. Kd2 Rh8 26. Bxc5 Nxc5 27. Qe3 Rxh6
28. Qxh6 Na4 29. Kd1 Qb4 30. Qd2 a5 31. Qxb4 axb4 32. Kd2 Kb7 33. a3 Nc5 34.
Kc2 bxa3 35. Ra1 f5 36. exf5 Bxf5+ 37. Kc3 Ra8 38. Bd1 a2 39. Kb2 Bb1 40. Nd2
Nd3+ 41. Kb3 Rf8 42. Kc3 Ne1 43. c5 Rf5 44. Nxb1 axb1=Q 45. Rxb1 Nxf3 0-1

[Event "Jugend WM U20"]
[Site "Istanbul"]
[Date "2005.11.17"]
[Round "8.24"]
[White "El Debs, Felipe De Cresce"]
[Black "Rohit, Gogineni"]
[Result "1/2-1/2"]
[WhiteElo "2341"]
[BlackElo "2401"]
[PlyCount "107"]
[EventDate "2005.11.??"]
[EventType "swiss"]
[EventRounds "13"]
[EventCountry "TUR"]
[Source "Reinhold Goldau"]
[SourceDate "2000.03.01"]

1. Nf3 Nf6 2. b3 e6 3. Bb2 b6 4. e3 Bb7 5. d4 c5 6. Bd3 Be7 7. O-O O-O 8. c4 d5
9. Nbd2 Nc6 10. a3 Rc8 11. Qe2 Na5 12. Rfd1 Qc7 13. dxc5 bxc5 14. Rab1 Nc6 15.
cxd5 Nxd5 16. Ne4 h6 17. Qc2 Nb8 18. Ne5 Nf6 19. Nc4 Ng4 20. Ng3 Nd7 21. Be2
Nde5 22. Bc3 Rfd8 23. Nh5 g6 24. Nf4 Nxc4 25. bxc4 Nf6 26. f3 Rxd1+ 27. Qxd1
Rd8 28. Qe1 e5 29. Bxe5 Qxe5 30. Rxb7 Bd6 31. g3 Re8 32. Kf2 Re7 33. Rxe7 Qxe7
34. Qc3 Bxf4 35. gxf4 Qe6 36. Qc2 Nd7 37. Kg2 Nb6 38. Bd3 Qf6 39. Qd2 Qa1 40.
Bc2 Na4 41. Bb3 Qxa3 42. Bxa4 Qxa4 43. Qd5 Qa5 44. h4 Qb6 45. Kf2 a5 46. e4 Kg7
47. Qe5+ Qf6 48. Qxc5 Qb2+ 49. Kg3 a4 50. Qc6 a3 51. e5 a2 52. Qf6+ Kg8 53.
Qd8+ Kh7 54. Qe7 1/2-1/2

[Event "Jugend WM U20"]
[Site "Istanbul"]
[Date "2005.11.17"]
[Round "8.25"]
[White "Sengupta, Deep"]
[Black "Macak, Stefan"]
[Result "1-0"]
[WhiteElo "2400"]
[BlackElo "2319"]
[PlyCount "57"]
[EventDate "2005.11.??"]
[EventType "swiss"]
[EventRounds "13"]
[EventCountry "TUR"]
[Source "Reinhold Goldau"]
[SourceDate "2000.03.01"]

1. c4 c5 2. Nc3 Nf6 3. g3 d5 4. cxd5 Nxd5 5. Bg2 Nc7 6. Qa4+ Qd7 7. Nf3 Nc6 8.
O-O e5 9. d3 b6 10. a3 f6 11. Rb1 Bb7 12. b4 Ne6 13. Nd2 Ncd8 14. Qxd7+ Kxd7
15. Bh3 Ke8 16. b5 h5 17. Nc4 h4 18. Bg2 hxg3 19. hxg3 Bxg2 20. Kxg2 Nb7 21. a4
Bd6 22. Bd2 Kd7 23. Rh1 Bc7 24. Nd5 Nd4 25. e3 Nf5 26. a5 Nfd6 27. axb6 Nxc4
28. Nxc7 Rac8 29. dxc4 1-0

[Event "Jugend WM U20"]
[Site "Istanbul"]
[Date "2005.11.17"]
[Round "8.26"]
[White "Jojua, Davit"]
[Black "Wei, Chenpeng"]
[Result "1/2-1/2"]
[WhiteElo "2337"]
[BlackElo "2390"]
[PlyCount "31"]
[EventDate "2005.11.??"]
[EventType "swiss"]
[EventRounds "13"]
[EventCountry "TUR"]
[Source "Reinhold Goldau"]
[SourceDate "2000.03.01"]

1. d4 d5 2. c4 c6 3. Nf3 Nf6 4. Qb3 g6 5. Nc3 Bg7 6. g3 O-O 7. Bg2 Ne4 8. O-O
dxc4 9. Qxc4 Bf5 10. Rd1 Nd7 11. Bf4 a5 12. Nxe4 Bxe4 13. Ne5 Bxg2 14. Kxg2
Nxe5 15. Bxe5 Qd5+ 16. Qxd5 1/2-1/2